Southville International School and Colleges
Your cart is empty.
  • Cart
  • Lists
    Public lists Eva Luna New books Lux_list list_1
    Your lists Log in to create your own lists
  • Log in to your account
  • Your cookies
  • Search history
Southville International School and Colleges
  • Advanced search
  • Recent comments
  • Most popular
  • Libraries

Log in to your account

Log in with GOOGLE


If you do not have an external account, but do have a local account, you can still log in:

  1. Home
  2. MARC view: The circle of innovation
Normal view MARC view ISBD view

The circle of innovation (Record no. 2495)

[ view plain ]
MARC details
000 -LEADER
fixed length control field 00567nam a22002057a 4500
003 - CONTROL NUMBER IDENTIFIER
control field DEla salle
005 - DATE AND TIME OF LATEST TRANSACTION
control field 20140310181734.0
008 - FIXED-LENGTH DATA ELEMENTS--GENERAL INFORMATION
fixed length control field 130319t xxu||||| |||| 00| 0 eng d
020 ## - INTERNATIONAL STANDARD BOOK NUMBER
International Standard Book Number 0679757651
050 ## - LIBRARY OF CONGRESS CALL NUMBER
Classification number HD 53
Item number .P47 1999
082 ## - DEWEY DECIMAL CLASSIFICATION NUMBER
Classification number TR 658
Item number P44 1999
245 ## - TITLE STATEMENT
Title The circle of innovation
Remainder of title you can't shrink your way to greatness
Statement of responsibility, etc Tom Peters
250 ## - EDITION STATEMENT
Edition statement 1st Vintage ed.
260 ## - PUBLICATION, DISTRIBUTION, ETC. (IMPRINT)
Place of publication, distribution, etc New York
Name of publisher, distributor, etc Vintage Books
Date of publication, distribution, etc 1999
300 ## - PHYSICAL DESCRIPTION
Extent xxi, 518 p.
Other physical details ill.
Dimensions 21 cm.
521 ## - TARGET AUDIENCE NOTE
Target audience note
541 ## - IMMEDIATE SOURCE OF ACQUISITION NOTE
-- 1
562 ## - COPY AND VERSION IDENTIFICATION NOTE
Number of copies 1
942 ## - ADDED ENTRY ELEMENTS (KOHA)
Source of classification or shelving scheme Library of Congress Classification
Koha item type
Call number prefix
Holdings
Withdrawn status Lost status Source of classification or shelving scheme Damaged status Home library Current library Shelving location Date acquired Total Checkouts Full call number Barcode Date last seen Date checked out Copy number Price effective from Koha item type
    Library of Congress Classification   Luxembourg Library Luxembourg Library Teachers Reference Section 03/19/2013 1 HD 53 .P48 1999 0227 07/24/2014 07/24/2014 1 03/19/2013 Books

The circle of innovation

APA

(1999). The circle of innovation. New York: Vintage Books.

Chicago

1999. The circle of innovation. New York: Vintage Books.

Harvard

(1999). The circle of innovation. New York: Vintage Books.

MLA

The circle of innovation. New York: Vintage Books. 1999.

  • Place hold
  • Print
  • Cite
  • Add to your cart (remove)
  • Save record
    BIBTEX Dublin Core MARCXML MARC (non-Unicode/MARC-8) MARC (Unicode/UTF-8) MARC (Unicode/UTF-8, Standard) MODS (XML) RIS
  • More searches
    Search for this title in:
    Other Libraries (WorldCat) Other Databases (Google Scholar) Online Stores (Bookfinder.com) Open Library (openlibrary.org)

Exporting to Dublin Core...

SOUTHVILLE LIBRARY

Southville International School and Colleges Library

1281 Tropical Ave. Cor. Luxembourg St., BF Homes International, Las Pinas City

Tel. No. 8256374 / 252358 Loc. 117/146

Powered by Koha